[Event "Østlandsserien 2003/2004, 4. div. B"]
[Site "Fredriksstad, Østfold NOR"]
[Date "2004.03.07"]
[Round "5"]
[White "Johansen, Bjørn B"]
[Black "Furnes, Torstein"]
[Result "0-1"]
[WhiteElo "1196"]
[BlackElo "1539"]
[PlyCount "78"]
[EventDate "2003.11.09"]
[Board "2"]
[WhiteTeam "Fredriksstad 2"]
[BlackTeam "Follo 3"]

1. e4 c5 2. Nc3 Nc6 3. Nf3 d6 4. Bc4 e6 5. d4 cxd4 6. Nxd4 g6 7. Nf3 a6 8. a3
Bg7 9. O-O Nge7 10. Bf4 e5 11. Bg3 Be6 12. Nd5 O-O 13. Ng5 Bxd5 14. exd5 Nd4
15. Ne4 Rc8 16. c3 Rxc4 17. Nd2 Rc7 18. cxd4 Nxd5 19. dxe5 dxe5 20. Re1 Re7 21.
Ne4 f5 22. Bh4 fxe4 23. Bxe7 Nxe7 24. Qb3+ Qd5 25. Qb4 Nf5 26. Rxe4 Nd4 27.
Rxd4 Qxd4 28. Qb3+ Kh8 29. Rf1 b5 30. Qc2 e4 31. Kh1 e3 32. f3 Qxb2 33. Qc5 e2
34. Re1 Qd2 35. Qf2 Re8 36. h3 Bc3 37. Rg1 e1=Q 38. Qc5 Qxg1+ 39. Kxg1 Bd4+ 0-1

[Event "Østlandsserien 2002/2003, 1. div"]
[Site "Follo"]
[Date "2002.11.10"]
[Round "2.3"]
[White "Gudbrandsen, Gustav"]
[Black "Kirkebø, Carl Peter"]
[Result "1-0"]
[WhiteElo "2253"]
[BlackElo "1990"]
[PlyCount "57"]
[EventDate "2002.??.??"]
[WhiteTeam "Akademisk 1"]
[BlackTeam "Follo 1"]

1. e4 c5 2. Nf3 Nc6 3. Bb5 g6 4. O-O Bg7 5. Re1 e5 6. c3 Nge7 7. d3 O-O 8. Bg5
h6 9. Be3 b6 10. d4 d6 11. Qc1 Kh7 12. Rd1 Qc7 13. Nbd2 Bb7 14. d5 Nb8 15. Nh4
Bc8 16. Qc2 Kh8 17. f3 g5 18. Nf5 Bxf5 19. exf5 Nxd5 20. Qe4 Ne7 21. f6 Bxf6
22. Qxa8 d5 23. Ba6 Rd8 24. Qb7 Qd6 25. Ne4 Qe6 26. Nxf6 Qxf6 27. c4 d4 28. Bf2
Nec6 29. Bb5 1-0

[Event "Østlandsserien 2002/2003, 1. div"]
[Site "Follo"]
[Date "2002.11.10"]
[Round "2.6"]
[White "Næssvold, Kjell"]
[Black "Østerberg, Hugo"]
[Result "1/2-1/2"]
[WhiteElo "1820"]
[BlackElo "2087"]
[PlyCount "113"]
[EventDate "2002.??.??"]
[WhiteTeam "Follo 1"]
[BlackTeam "Akademisk 1"]

1. e4 c6 2. d4 d5 3. exd5 cxd5 4. Nf3 Nf6 5. Bd3 Nc6 6. O-O Bg4 7. c3 Qc7 8.
Re1 e6 9. Bg5 Bd6 10. h3 Bh5 11. Nbd2 Rb8 12. a4 O-O 13. Qc2 Bg6 14. Bxg6 hxg6
15. Qd3 a5 16. Re2 Nd7 17. Rae1 Rfc8 18. Nf1 Nb6 19. Nh4 Nxa4 20. Nxg6 fxg6 21.
Rxe6 Nd8 22. Bxd8 Rxd8 23. R1e2 b5 24. Qxg6 Rb6 25. g3 Bf8 26. Ne3 Rxe6 27.
Qxe6+ Qf7 28. Qg4 Rd6 29. f4 b4 30. cxb4 axb4 31. h4 Re6 32. Nf5 Rg6 33. Qh5
Rf6 34. Qxf7+ Kxf7 35. Ne3 Re6 36. Kf2 b3 37. Rd2 Rxe3 38. Kxe3 Nb6 39. Rd3
Nc4+ 40. Ke2 Na5 41. Kd1 Ke6 42. g4 g6 43. Re3+ Kf7 44. Rc3 Bd6 45. Rf3 Be7 46.
g5 Nc6 47. Rxb3 Nxd4 48. Rd3 Nf5 49. Rh3 Bd6 50. h5 gxh5 51. Rxh5 Bxf4 52. b4
Kg6 53. Rh8 Kxg5 54. b5 Be5 55. Rd8 Kf4 56. b6 Nd6 57. b7 1/2-1/2

[Event "Østlandsserien 2002/2003, 1. div"]
[Site "Drammen"]
[Date "2002.11.16"]
[Round "1.1"]
[White "Ådnøy, Hallvard Voll"]
[Black "Hansen, Torbjørn Ringdal"]
[Result "0-1"]
[WhiteElo "2130"]
[BlackElo "2267"]
[PlyCount "72"]
[EventDate "2002.??.??"]
[WhiteTeam "Follo 1"]
[BlackTeam "Tempo 1"]

1. e4 e5 2. Nf3 Nf6 3. d3 Nc6 4. Be2 d5 5. Nbd2 g6 6. O-O Bg7 7. c3 O-O 8. b4
a6 9. Bb2 Nh5 10. exd5 Qxd5 11. c4 Qe6 12. b5 axb5 13. cxb5 Rxa2 14. Rxa2 Qxa2
15. Nc4 Nf4 16. Re1 Nd4 17. Nxd4 exd4 18. Ba3 Re8 19. Bg4 Rxe1+ 20. Qxe1 Be6
21. Bxe6 Nxe6 22. g3 Qb3 23. Qa5 Qb1+ 24. Kg2 Qxd3 25. Qa8+ Bf8 26. Bxf8 Nxf8
27. Qa2 Qe4+ 28. f3 Qd5 29. Qb3 Ne6 30. Qb4 d3 31. Nd2 Qe5 32. f4 Qe2+ 33. Kh3
h5 34. f5 Ng5+ 35. Kh4 Qxd2 36. h3 Nf3# 0-1

[Event "Østlandsserien 2002/2003, 1. div"]
[Site "Drammen"]
[Date "2002.11.16"]
[Round "1.3"]
[White "Kirkebø, Carl Peter"]
[Black "Henriksen, Geir Ivar"]
[Result "1/2-1/2"]
[WhiteElo "1990"]
[BlackElo "1914"]
[PlyCount "54"]
[EventDate "2002.??.??"]
[WhiteTeam "Follo 1"]
[BlackTeam "Tempo 1"]

1. e4 c5 2. Nc3 Nc6 3. g3 g6 4. Bg2 Bg7 5. d3 d6 6. Be3 Rb8 7. Qd2 b5 8. Nge2
Nd4 9. O-O b4 10. Nd1 Nxe2+ 11. Qxe2 Nf6 12. h3 O-O 13. f4 Nd7 14. f5 e6 15. g4
Qe7 16. a3 a5 17. axb4 axb4 18. Qd2 exf5 19. gxf5 gxf5 20. exf5 Kh8 21. Ra7 Rg8
22. Kh1 Be5 23. d4 cxd4 24. Bxd4 Qf6 25. Bxe5 Qxe5 26. Qf4 Qc5 27. Qf2 Rb5
1/2-1/2

[Event "Østlandsserien 2002/2003, 1. div"]
[Site "Drammen"]
[Date "2002.11.16"]
[Round "1.4"]
[White "Eriksen, Terje"]
[Black "Gaasland, Glenn"]
[Result "1-0"]
[WhiteElo "2082"]
[BlackElo "1926"]
[PlyCount "89"]
[EventDate "2002.??.??"]
[WhiteTeam "Tempo 1"]
[BlackTeam "Follo 1"]

1. Nf3 Nf6 2. c4 g6 3. Nc3 Bg7 4. d4 d5 5. cxd5 Nxd5 6. Qb3 Nxc3 7. bxc3 c5 8.
e3 O-O 9. Be2 b6 10. O-O Qc7 11. Bb2 Bb7 12. Rfd1 Nd7 13. a4 e5 14. a5 Rac8 15.
axb6 axb6 16. Ba3 Rfe8 17. dxc5 Nxc5 18. Bxc5 Qxc5 19. Rd7 Re7 20. Rxe7 Qxe7
21. Ra7 Qc7 22. Ba6 Ra8 23. Rxa8+ Bxa8 24. Ng5 Qd7 25. Bc4 Qg4 26. Bxf7+ Kh8
27. Bd5 Qxg5 28. Bxa8 Qd8 29. Be4 Bf8 30. g3 Bc5 31. Bb1 Kg7 32. Ba2 Kh6 33. h4
Qd2 34. Bb1 Kh5 35. Qc2 Qe1+ 36. Kg2 Kh6 37. Qd3 Qc1 38. Bc2 Qb2 39. Bb1 b5 40.
h5 Kxh5 41. Qe4 Kh6 42. Qxe5 Qa3 43. g4 Be7 44. Bd3 Qc5 45. g5+ 1-0

[Event "Østlandsserien 2002/2003, 1. div"]
[Site "Drammen"]
[Date "2002.11.16"]
[Round "1.6"]
[White "Ludvigsen, Frode"]
[Black "Næssvold, Kjell"]
[Result "1-0"]
[WhiteElo "1914"]
[BlackElo "1830"]
[PlyCount "127"]
[EventDate "2002.??.??"]
[WhiteTeam "Tempo 1"]
[BlackTeam "Follo 1"]

1. d4 Nf6 2. c4 e6 3. Nc3 d5 4. Nf3 Be7 5. Bg5 O-O 6. e3 Nbd7 7. Bd3 dxc4 8.
Bxc4 a6 9. a4 c5 10. O-O cxd4 11. exd4 b6 12. Re1 Bb7 13. Qe2 Re8 14. Rad1 Nd5
15. Bxd5 Bxd5 16. Nxd5 Bxg5 17. Nxg5 h6 18. Nxf7 Kxf7 19. Nf4 Nf8 20. Qc4 Qd6
21. g3 a5 22. d5 e5 23. Ng2 Rac8 24. Qb3 Nd7 25. Ne3 Kg8 26. Nf5 Qf6 27. d6+
Kh8 28. Ne7 Rc5 29. Qd3 Qf7 30. Rc1 Rxc1 31. Rxc1 Nc5 32. Qb5 Ne4 33. Qxb6 Nxd6
34. Qxd6 Rxe7 35. Qd8+ Kh7 36. Qxa5 e4 37. Qc3 g6 38. b4 Qf5 39. Qc5 Qf6 40. b5
e3 41. fxe3 Rf7 42. e4 h5 43. e5 Qf5 44. Qe3 Qg4 45. b6 h4 46. e6 Re7 47. Rc7
Qd1+ 48. Kf2 Rxc7 49. bxc7 Qc2+ 50. Ke1 Qb1+ 51. Kd2 Qb2+ 52. Kd1 Qb1+ 53. Qc1
Qd3+ 54. Qd2 Qb1+ 55. Ke2 Qe4+ 56. Kf2 Qf5+ 57. Qf4 Qc5+ 58. Kf1 hxg3 59. hxg3
Qc2 60. Qf7+ Kh6 61. Qf8+ Kh7 62. c8=Q Qd1+ 63. Kg2 Qd2+ 64. Kh3 1-0

[Event "Østlandserien 2002/2003, 1. div"]
[Site "?"]
[Date "2002.11.10"]
[Round "2.2"]
[White "Solem, Trond"]
[Black "Hole, Øystein"]
[Result "0-1"]
[WhiteElo "2152"]
[BlackElo "2249"]
[PlyCount "82"]
[EventDate "2002.??.??"]
[WhiteTeam "Follo 1"]
[BlackTeam "Akdemisk 1"]

1. d4 d5 2. c4 c6 3. e3 Nf6 4. Nc3 e6 5. Nf3 Nbd7 6. a3 Bd6 7. Be2 O-O 8. O-O
dxc4 9. e4 e5 10. Bxc4 exd4 11. Qxd4 Qe7 12. Bg5 Ne5 13. Be2 Nxf3+ 14. Bxf3 Be5
15. Qe3 Be6 16. Be2 Rfd8 17. Rad1 Bb3 18. f4 Bc7 19. Rxd8+ Qxd8 20. Kh1 h6 21.
Bh4 Bb6 22. Qg3 Qd4 23. e5 Ne8 24. Bf3 Bd8 25. Bxd8 Rxd8 26. f5 Qd2 27. Ne4
Qxb2 28. Qh4 f6 29. e6 Qxa3 30. Bh5 Qe7 31. h3 Nd6 32. Ng3 a5 33. Rf3 a4 34.
Bg6 Bd5 35. Re3 Ra8 36. Nh5 Kh8 37. Qg3 Rg8 38. Qf4 b5 39. Nxf6 Qxf6 40. Qxd6
Qd4 41. Rg3 Bxg2+ 0-1

[Event "Østlandserien 2002/2003, 1. div"]
[Site "?"]
[Date "2002.11.16"]
[Round "1.2"]
[White "Breivik, Lars H."]
[Black "Semakoff, Aleks"]
[Result "1/2-1/2"]
[WhiteElo "1977"]
[BlackElo "2063"]
[PlyCount "50"]
[EventDate "2002.??.??"]
[WhiteTeam "Tempo 1"]
[BlackTeam "Follo 1"]

1. e4 d5 2. exd5 Qxd5 3. Nc3 Qa5 4. Nf3 Nf6 5. Be2 Nc6 6. O-O Bg4 7. a3 e5 8.
h3 Bh5 9. b4 Bxb4 10. axb4 Qxa1 11. b5 Bxf3 12. Bxf3 Nd4 13. Bxb7 Rb8 14. Bd5
Nxd5 15. Nxd5 O-O 16. c3 Ne6 17. c4 a6 18. Qf3 Nd4 19. Qa3 Qxa3 20. Bxa3 axb5
21. Bxf8 Kxf8 22. cxb5 Nxb5 23. Rc1 Rd8 24. Rc5 c6 25. Nb4 Rxd2 1/2-1/2

[Event "Østlandsserien 2002/2003, 1. div"]
[Site "?"]
[Date "2002.11.16"]
[Round "1"]
[White "Øgaard, Henning"]
[Black "Thorgersen, Trond M"]
[Result "1/2-1/2"]
[WhiteElo "1825"]
[BlackElo "1960"]
[PlyCount "30"]
[EventDate "2002.??.??"]
[WhiteTeam "Follo 1"]
[BlackTeam "Tempo 1"]

1. d4 d5 2. Nf3 Bf5 3. Bg5 h6 4. Bh4 Nd7 5. e3 Ngf6 6. Nbd2 e6 7. c4 c6 8. Qb3
Qb6 9. c5 Qxb3 10. axb3 a6 11. b4 g5 12. Bg3 Nh5 13. Nb3 Nxg3 14. hxg3 Bg7 15.
b5 cxb5 1/2-1/2

[Event "Østlandsserien 2002/2003, 1. div"]
[Site "?"]
[Date "2002.11.10"]
[Round "2"]
[White "Sæther, Øystein"]
[Black "Øgaard, Henning"]
[Result "1-0"]
[WhiteElo "2038"]
[BlackElo "1825"]
[PlyCount "59"]
[EventDate "2002.??.??"]
[WhiteTeam "Akademiskk 1"]
[BlackTeam "Follo 1"]

1. d4 d5 2. Nf3 Nf6 3. c4 e6 4. Nc3 Be7 5. e3 b6 6. cxd5 exd5 7. Bb5+ c6 8. Be2
Bf5 9. O-O Nbd7 10. Bd2 O-O 11. Rc1 Rc8 12. Nh4 Bg6 13. f4 Ne4 14. Nxg6 hxg6
15. Nxe4 dxe4 16. Qc2 f5 17. Qa4 Nc5 18. Qc2 Nd7 19. Ba6 Rc7 20. Bb5 c5 21.
Rfe1 Bf6 22. b4 a6 23. Bxa6 Ra7 24. dxc5 bxc5 25. bxc5 Kh8 26. Bb5 Qa8 27. a4
g5 28. g3 gxf4 29. gxf4 g5 30. Bc3 1-0

[Event "Østlandserien 2002/2003, 1. div"]
[Site "?"]
[Date "2002.12.08"]
[Round "3.2"]
[White "Ulvin, Dag"]
[Black "Solem, Trond"]
[Result "1/2-1/2"]
[WhiteElo "2192"]
[BlackElo "2152"]
[PlyCount "49"]
[EventDate "2002.??.??"]
[WhiteTeam "Strømmen 1"]
[BlackTeam "Follo 1"]

1. e4 e6 2. d4 d5 3. Nd2 Nc6 4. Ngf3 Nf6 5. e5 Nd7 6. Nb3 f6 7. exf6 Qxf6 8.
Bg5 Qf7 9. Bb5 Bd6 10. O-O O-O 11. Bh4 e5 12. c4 Nxd4 13. Nbxd4 exd4 14. cxd5
Qxd5 15. Bxd7 Bxd7 16. Qxd4 Qxd4 17. Nxd4 Rf4 18. Nf3 Rb4 19. b3 Bc6 20. Bg3
Bxf3 21. Bxd6 cxd6 22. gxf3 Rf8 23. Rad1 Rf6 24. Rfe1 Kf7 25. Rc1 1/2-1/2

[Event "Østlandserien 2002/2003, 1. div"]
[Site "?"]
[Date "2003.02.09"]
[Round "7.3"]
[White "Semakoff, Aleks"]
[Black "Knudsen, Ragnar"]
[Result "1/2-1/2"]
[WhiteElo "2061"]
[BlackElo "1865"]
[PlyCount "24"]
[EventDate "2003.??.??"]
[WhiteTeam "Follo 1"]
[BlackTeam "Sarpsborg 1"]

1. e4 c6 2. d4 d5 3. exd5 cxd5 4. c4 Nf6 5. Nc3 Nc6 6. Nf3 Bg4 7. cxd5 Nxd5 8.
Be2 e6 9. O-O Bb4 10. Ne4 Qb6 11. Be3 O-O 12. Nfd2 Bxd2 1/2-1/2

[Event "Østlandserien 2002/2003, 1. div"]
[Site "?"]
[Date "2003.02.09"]
[Round "7.2"]
[White "Solberg, Joachim"]
[Black "Solem, Trond"]
[Result "1-0"]
[WhiteElo "1993"]
[BlackElo "2133"]
[PlyCount "82"]
[EventDate "2003.??.??"]
[WhiteTeam "Sarpsborg 1"]
[BlackTeam "Follo 1"]

1. e4 e6 2. d4 d5 3. Nc3 Bb4 4. exd5 exd5 5. Bd3 c6 6. Nge2 Nf6 7. O-O O-O 8.
a3 Bd6 9. Bf4 Bg4 10. f3 Bh5 11. Bxd6 Qxd6 12. Ng3 Bg6 13. Qd2 Bxd3 14. Qxd3 g6
15. Rfe1 Nbd7 16. Qd2 Rae8 17. Qg5 Kh8 18. Nf1 Nh5 19. g3 Ng7 20. Qd2 Qf6 21.
Kf2 Ne6 22. Ne2 Ng5 23. Nf4 Ne6 24. Ne2 c5 25. c3 Nb6 26. Ne3 h5 27. Rad1 Rd8
28. dxc5 Nc4 29. Nxc4 dxc4 30. Qh6+ Kg8 31. Nf4 Nxc5 32. Rxd8 Rxd8 33. Nd5 Nd3+
34. Kg1 Qg7 35. Qg5 Rd6 36. Re8+ Kh7 37. g4 Re6 38. Rxe6 fxe6 39. Nf6+ Kh8 40.
Kf1 e5 41. gxh5 Qf7 1-0

[Event "Østlandsserien 2002/2003, 1. div."]
[Site "Strømmen"]
[Date "2002.12.08"]
[Round "3"]
[White "Ådnøy, Hallvard Voll"]
[Black "Johansen, Terje"]
[Result "1-0"]
[WhiteElo "2130"]
[BlackElo "2229"]
[PlyCount "81"]
[EventDate "2002.11.10"]
[WhiteTeam "Follo 1"]
[BlackTeam "Strømmen 1"]

1. d4 Nf6 2. c4 e6 3. Nc3 c5 4. d5 exd5 5. cxd5 d6 6. e4 g6 7. f4 Bg7 8. Bb5+
Nfd7 9. a4 Qh4+ 10. g3 Qe7 11. Nf3 O-O 12. O-O Na6 13. Re1 Nb4 14. Kg2 a6 15.
Bf1 Re8 16. Be3 b6 17. Bc4 Bb7 18. Bg1 Rad8 19. h3 h6 20. Kh2 Qf8 21. Qd2 Bf6
22. Re2 Qg7 23. Rae1 Kh7 24. h4 g5 25. hxg5 hxg5 26. Kh1 Rh8 27. Rh2+ Kg8 28.
Ree2 Rxh2+ 29. Rxh2 Re8 30. Be3 Bxc3 31. bxc3 Rxe4 32. Bb3 c4 33. Bd4 Rxd4 34.
Nxd4 Nxd5 35. Bc2 N7f6 36. Nf5 Ne3+ 37. Kg1 Nxf5 38. Bxf5 Nd5 39. Be4 Nxf4 40.
Bxb7 Nd3 41. Rh5 1-0

[Event "Østlandsserien 2002/2003, 1. div."]
[Site "Strømmen"]
[Date "2002.12.08"]
[Round "3"]
[White "Kirkebø, Carl Peter"]
[Black "Lillevold, Frode"]
[Result "1-0"]
[WhiteElo "1990"]
[BlackElo "2013"]
[PlyCount "77"]
[EventDate "2002.11.10"]
[Source "Follo SF"]
[SourceDate "2002.12.15"]
[WhiteTeam "Follo 1"]
[BlackTeam "Strømmen 1"]

1. e4 d6 2. d4 Nf6 3. Nc3 g6 4. Be3 c6 5. Qd2 b5 6. Bd3 Nbd7 7. a4 b4 8. Nd1 a5
9. Ne2 Bg7 10. Bh6 O-O 11. h4 e5 12. Bxg7 Kxg7 13. h5 d5 14. hxg6 fxg6 15. Qh6+
Kg8 16. exd5 cxd5 17. Bxg6 Qe7 18. Ne3 hxg6 19. Nxd5 Nxd5 20. Qh8+ Kf7 21. Rh7+
Ke8 22. Rxe7+ Nxe7 23. Qh4 Bb7 24. O-O-O Nf5 25. Qg5 Kf7 26. dxe5 Nc5 27. Qf6+
Kg8 28. Qxg6+ Ng7 29. Ng3 Rxf2 30. Nh5 Rxg2 31. Nf6+ Kf8 32. Nh7+ Kg8 33. Ng5
Rh2 34. Qf7+ Kh8 35. e6 Rc8 36. e7 Nce6 37. Rd8+ Ne8 38. Qf6+ N6g7 39. Qf8# 1-0

[Event "Østlandsserien 2002/2003, 1. div."]
[Site "Strømmen"]
[Date "2002.12.08"]
[Round "3"]
[White "Einvik, Gunnar"]
[Black "Næssvold, Kjell"]
[Result "1/2-1/2"]
[WhiteElo "1990"]
[BlackElo "2013"]
[PlyCount "118"]
[EventDate "2002.11.10"]
[WhiteTeam "Strømmen 1"]
[BlackTeam "Follo 1"]

1. e4 c5 2. Nf3 e6 3. c3 Nc6 4. d4 cxd4 5. Nxd4 Nxd4 6. cxd4 Bb4+ 7. Nc3 Nf6 8.
Bd3 Qa5 9. Qb3 a6 10. Bd2 O-O 11. e5 Nd5 12. O-O Nxc3 13. bxc3 Be7 14. f4 d6
15. Qd1 f5 16. exd6 Bxd6 17. Qb3 Rf6 18. a4 Rb8 19. Be1 Bd7 20. Bh4 Rg6 21. Bg3
Kh8 22. Bc4 Qc7 23. Rae1 Re8 24. Be2 Rh6 25. Bf3 Bc6 26. d5 exd5 27. Rxe8+ Bxe8
28. Qxd5 Bc6 29. Qxf5 Rf6 30. Qd3 Bxa4 31. Re1 Bb5 32. Qd5 Bc6 33. Qh5 Bxf3 34.
Qxf3 Rf8 35. Rb1 b6 36. Qd3 a5 37. Rf1 a4 38. Qb5 Qc5+ 39. Qxc5 Bxc5+ 40. Kh1
a3 41. Ra1 Kg8 42. h3 Kf7 43. Be1 Ke6 44. Bd2 Kd5 45. g4 Kc4 46. Bc1 Ra8 47. f5
a2 48. g5 Kxc3 49. f6 gxf6 50. gxf6 b5 51. f7 Bf8 52. Bg5 Bg7 53. Rxa2 Rf8 54.
Rf2 b4 55. Be7 b3 56. Ba3 Kd3 57. Kg2 Ra8 58. f8=Q Bxf8 59. Bxf8 b2 1/2-1/2

[Event "Østlandsserien 2002/2003, 1. div."]
[Site "Strømmen"]
[Date "2002.12.08"]
[Round "3"]
[White "Lea, Per"]
[Black "Nilsen, Terje"]
[Result "0-1"]
[WhiteElo "1672"]
[BlackElo "1709"]
[Annotator "Lea,Per"]
[PlyCount "98"]
[EventDate "2002.11.10"]
[WhiteTeam "Follo 1"]
[BlackTeam "Strømmen 1"]

1. e4 c5 2. Nf3 e6 3. d4 cxd4 4. Nxd4 a6 5. Nc3 Qc7 6. Be2 Nf6 7. a3 {
Overdreven - og uberettiget - frykt for at løperutfall til b4 skal skaffe
trøbbel og bondetap} ({Men} 7. O-O Bb4 8. Qd3 {er helt greit for hvit}) 7... b5
8. Be3 Bb7 9. f3 Bc5 10. Qd2 O-O 11. O-O-O d5 12. exd5 Nxd5 13. Nxd5 Bxd5 14.
Bd3 Nd7 15. Ne2 Rfc8 16. Nc3 Nb6 17. Nxd5 Nxd5 18. Bxc5 Qxc5 19. Be4 Rab8 20.
Bxd5 exd5 21. b4 Qc4 22. Qd3 Qf4+ 23. Kb2 Qc7 24. Qxd5 Qxc2+ 25. Ka1 Qc3+ 26.
Ka2 Qf6 27. Rc1 Rd8 28. Qc5 Rd2+ 29. Rc2 Qe6+ 30. Ka1 Rxc2 31. Qxc2 Rc8 32. Qd2
h6 33. h3 Rc4 34. Re1 Qg6 35. Kb2 Qf6+ 36. Kb3 Rc8 37. Rc1 Rd8 38. Qc3 Qg6 39.
Qc2 Rd3+ 40. Kb2 Qd6 41. Qc5 Qf6+ 42. Kb1 Rxa3 43. Qc8+ Kh7 44. Qc2+ g6 45. Qb2
Qf5+ 46. Rc2 Qd3 47. Qf6 Rb3+ 48. Kc1 Qf1+ 49. Kd2 Rd3# 0-1

[Event "Østlandsserien 2002/2003, 1. div."]
[Site "Follo"]
[Date "2003.01.18"]
[Round "4"]
[White "Johannessen, Leif Erlend"]
[Black "Ådnøy, Hallvard Voll"]
[Result "1-0"]
[WhiteElo "1990"]
[BlackElo "2013"]
[PlyCount "84"]
[EventDate "2002.11.10"]
[WhiteTeam "OSS 1"]
[BlackTeam "Follo 1"]

1. d4 Nf6 2. c4 d6 3. Nc3 Nbd7 4. e4 c6 5. Nf3 e5 6. Be2 Be7 7. O-O O-O 8. Be3
Ng4 9. Bd2 a6 10. d5 cxd5 11. cxd5 b5 12. Ne1 Ngf6 13. Nc2 Nb6 14. b3 Bb7 15.
a4 bxa4 16. Nxa4 Nxa4 17. Rxa4 Nd7 18. b4 Bg5 19. Ne3 Nb6 20. Ra5 g6 21. Bd3
Bc8 22. g3 Bh3 23. Re1 Bd7 24. h4 Be7 25. Qe2 f5 26. exf5 gxf5 27. f4 Kh8 28.
Bc3 Bf6 29. fxe5 dxe5 30. Bxf5 Bxf5 31. Nxf5 Qc8 32. Rc5 Qxf5 33. Rf1 Qg6 34.
Kh2 Na4 35. h5 Nxc3 36. Rxc3 Qg5 37. d6 e4 38. Rc5 Be5 39. Rxf8+ Rxf8 40. Qe1
Qxh5+ 41. Kg2 Qf3+ 42. Kh2 Bxd6 1-0

[Event "Østlandsserien 2002/2003, 1. div."]
[Site "Follo"]
[Date "2003.01.18"]
[Round "4"]
[White "Solem, Trond"]
[Black "Heim, Sverre"]
[Result "0-1"]
[WhiteElo "1990"]
[BlackElo "2013"]
[PlyCount "78"]
[EventDate "2002.11.10"]
[WhiteTeam "Follo 1"]
[BlackTeam "OSS 1"]

1. c4 c5 2. Nc3 g6 3. Nf3 Bg7 4. d4 cxd4 5. Nxd4 Nc6 6. Nc2 Nf6 7. g3 O-O 8.
Bg2 d6 9. O-O Be6 10. b3 Nd7 11. Bb2 a5 12. Qd2 Nc5 13. Ne3 a4 14. Ncd5 Bxb2
15. Qxb2 Bxd5 16. Nxd5 axb3 17. axb3 Rb8 18. b4 Nd7 19. Rfd1 Nce5 20. c5 e6 21.
Ne3 Qf6 22. Ra2 d5 23. f4 Nc6 24. Qd2 Rfd8 25. b5 Ne7 26. Qb4 Nf5 27. Ng4 Qe7
28. e4 dxe4 29. Rad2 Nxc5 30. Rxd8+ Rxd8 31. Rxd8+ Qxd8 32. Qxc5 Qd1+ 33. Bf1
Qxg4 34. Qc8+ Kg7 35. Qxb7 Qf3 36. Qa7 e3 37. Qa1+ Kh6 38. Qb2 Nd4 39. Bc4 Qd1+
0-1

[Event "Østlandsserien 2002/2003, 1. div."]
[Site "Follo"]
[Date "2003.01.18"]
[Round "4"]
[White "Trygstad, Kristian"]
[Black "Kirkebø, Carl Peter"]
[Result "1-0"]
[WhiteElo "2343"]
[BlackElo "2013"]
[PlyCount "89"]
[EventDate "2002.11.10"]
[WhiteTeam "OSS 1"]
[BlackTeam "Follo 1"]

1. e4 c5 2. Nc3 Nc6 3. f4 g6 4. Nf3 Bg7 5. Bb5 Nd4 6. Bd3 d6 7. Nxd4 cxd4 8.
Ne2 Nf6 9. Nxd4 Nxe4 10. Bxe4 Bxd4 11. c3 Bg7 12. Qf3 Rb8 13. f5 O-O 14. O-O
gxf5 15. Bxf5 e6 16. Bc2 f5 17. d4 Kh8 18. Bb3 b6 19. Qh5 Ba6 20. Re1 e5 21.
Bg5 Qe8 22. Qxe8 Rbxe8 23. dxe5 Bxe5 24. Bd5 f4 25. Bf3 Re6 26. Rad1 Rfe8 27.
Re4 Kg7 28. Ra4 Bb5 29. Rxa7+ Kg6 30. Bh4 Bf6 31. Bxf6 Kxf6 32. Rxh7 Be2 33.
Rh6+ Kf7 34. Rxe6 Rxe6 35. Re1 Bc4 36. Rxe6 Kxe6 37. a3 Ke5 38. Kf2 Bd3 39. Ke1
Bf5 40. Kd2 Bg6 41. h4 Bf5 42. h5 Kf6 43. c4 Ke5 44. Kc3 Bh7 45. b4 1-0

[Event "Østlandsserien 2002/2003, 1. div."]
[Site "Follo"]
[Date "2003.01.18"]
[Round "4"]
[White "Gaasland, Glenn"]
[Black "Moen, Ole Christian"]
[Result "1-0"]
[WhiteElo "1930"]
[BlackElo "2167"]
[PlyCount "81"]
[EventDate "2002.11.10"]
[WhiteTeam "Follo 1"]
[BlackTeam "OSS 1"]

1. d4 Nf6 2. c4 d6 3. Nf3 Nbd7 4. g3 c5 5. Bg2 g6 6. O-O Bg7 7. Nc3 O-O 8. d5
a6 9. h3 b5 10. cxb5 axb5 11. Nxb5 Nb6 12. Nc3 Bb7 13. e4 Nfd7 14. Re1 Ra5 15.
Bf1 Qa8 16. Bd2 Ba6 17. Bxa6 Qxa6 18. b3 Ra3 19. Qc2 Ra8 20. Bc1 Ra5 21. Bb2
Qc8 22. a4 Ne5 23. Nxe5 Bxe5 24. Kg2 R5a6 25. f4 Bd4 26. Qd2 Bg7 27. e5 c4 28.
exd6 exd6 29. Ne4 Bxb2 30. Qxb2 Nxd5 31. Qd4 Qc6 32. Kh2 Nb4 33. Nf6+ Kf8 34.
Nxh7+ Kg8 35. Re7 d5 36. f5 Nc2 37. Qh4 Nxa1 38. Ng5 Qf6 39. Qh7+ Kf8 40. Rxf7+
Ke8 41. Qg8# 1-0

[Event "Østlandsserien 2002/2003, 1. div."]
[Site "Follo"]
[Date "2003.01.18"]
[Round "4"]
[White "Guddahl, Viggo"]
[Black "Næssvold, Kjell"]
[Result "1-0"]
[WhiteElo "2000"]
[BlackElo "1821"]
[PlyCount "89"]
[EventDate "2002.11.10"]
[WhiteTeam "OSS 1"]
[BlackTeam "Follo 1"]

1. d4 Nf6 2. Nf3 e6 3. g3 c5 4. Bg2 Nc6 5. O-O d5 6. c3 Bd7 7. Ne5 Bd6 8. Bf4
Nxe5 9. dxe5 g5 10. Bxg5 Bxe5 11. Nd2 h6 12. Bh4 Bd6 13. e4 Be7 14. Bxf6 Bxf6
15. exd5 Qc7 16. Ne4 Bg7 17. dxe6 Bxe6 18. Nd6+ Ke7 19. Nxb7 Rab8 20. Qf3 Rhc8
21. Rfe1 Qb6 22. Rad1 Qxb7 23. Qxb7+ Rxb7 24. Bxb7 Rb8 25. Bd5 Rxb2 26. Re3 Rb6
27. Rde1 Kd7 28. Bxe6+ fxe6 29. c4 Bd4 30. Rb3 Ra6 31. Re2 e5 32. Rb7+ Ke6 33.
Rh7 Kf5 34. Kg2 Kg6 35. Re7 Kf6 36. Re8 Kf7 37. Rh8 Kg7 38. Rc8 Kf6 39. Kf3 Ra4
40. Rc6+ Kg7 41. Rc2 a5 42. Ra6 Ra3+ 43. Ke4 Kh7 44. Re2 Rc3 45. Rb2 1-0

[Event "Østlandsserien 2002/2003, 1. div."]
[Site "Asker"]
[Date "2003.01.19"]
[Round "5"]
[White "Østenstad, Berge"]
[Black "Solem, Trond"]
[Result "1-0"]
[WhiteElo "2492"]
[BlackElo "2133"]
[PlyCount "59"]
[EventDate "2002.11.10"]
[WhiteTeam "Asker 1"]
[BlackTeam "Follo 1"]

1. c4 e6 2. Nf3 b6 3. g3 Bb7 4. Bg2 f5 5. O-O Nf6 6. d4 Bd6 7. Nc3 O-O 8. Qc2
a5 9. Bg5 h6 10. Bxf6 Qxf6 11. e4 fxe4 12. Nxe4 Qg6 13. Ne5 Bxe5 14. dxe5 Nc6
15. Qc3 Rf5 16. f4 Nxe5 17. Rad1 Nf7 18. Rxd7 Rxf4 19. gxf4 Bxe4 20. Qg3 Qf5
21. Re1 Bxg2 22. Qxg2 Re8 23. Kh1 e5 24. Rxc7 e4 25. Rg1 Qf6 26. Rc6 Qd4 27.
Rg6 e3 28. Rxg7+ Kf8 29. Rg8+ Ke7 30. Qb7+ 1-0

[Event "Østlandsserien 2002/2003, 1. div."]
[Site "Asker"]
[Date "2003.01.19"]
[Round "5"]
[White "Næssvold, Kjell"]
[Black "Jansson, Jøran"]
[Result "0-1"]
[WhiteElo "1821"]
[BlackElo "2078"]
[PlyCount "66"]
[EventDate "2002.11.10"]
[WhiteTeam "Follo 1"]
[BlackTeam "Asker 1"]

1. e4 c5 2. Nf3 d6 3. d4 cxd4 4. Nxd4 Nf6 5. Nc3 a6 6. f3 e5 7. Nb3 Be6 8. Be3
Be7 9. Qd2 O-O 10. Be2 a5 11. a4 Nc6 12. O-O Nb4 13. Bf2 Rc8 14. Nc1 d5 15.
exd5 Bxd5 16. Nxd5 Nfxd5 17. Bd1 Bg5 18. Qe2 Bxc1 19. c3 Nf4 20. Qe4 Bxb2 21.
cxb4 Bxa1 22. Bc2 Rxc2 23. Qxc2 Bd4 24. bxa5 Qg5 25. Bxd4 exd4 26. Kh1 Qxa5 27.
Qe4 Ne6 28. Qxb7 Qxa4 29. Qb1 Rd8 30. f4 d3 31. f5 d2 32. Rd1 Qxd1+ 33. Qxd1
Nc5 0-1

[Event "Østlandsserien 2002/2003, 1. div."]
[Site "Follo"]
[Date "2003.02.08"]
[Round "6"]
[White "Christenson, Flemming"]
[Black "Ådnøy, Hallvard Voll"]
[Result "0-1"]
[WhiteElo "2286"]
[BlackElo "2188"]
[PlyCount "66"]
[EventDate "2002.11.10"]
[WhiteTeam "Nordstrand 1"]
[BlackTeam "Follo 1"]

1. d4 Nf6 2. Nf3 d6 3. c4 c6 4. Nc3 Nbd7 5. e4 e5 6. Be3 Be7 7. h3 O-O 8. Be2
a6 9. a4 exd4 10. Nxd4 Nc5 11. Qc2 a5 12. Rd1 Qc7 13. O-O Re8 14. f4 Bf8 15.
Bf3 g6 16. Bf2 Bd7 17. g4 h6 18. Bg3 Qb6 19. Kh2 Rad8 20. Bg2 Bc8 21. Bh4 Be7
22. Bf2 Bf8 23. Be3 Bxg4 24. Rde1 Bc8 25. e5 dxe5 26. fxe5 Qc7 27. Kh1 Nh5 28.
Qe2 Nd3 29. Qd2 Nxe1 30. Qxe1 Qxe5 31. Ne4 Rxd4 32. Bxd4 Qxd4 33. Qh4 Rxe4 0-1